| 000 | 00498nam a2200181Ia 4500 | ||
|---|---|---|---|
| 003 | GCL | ||
| 005 | 20240530100108.0 | ||
| 008 | 140319s9999 xx 000 0 eng d | ||
| 040 |
_aGCL / _cGCL |
||
| 082 | 0 | 4 |
_a792.022 _bO D |
| 100 | 1 | _aODDEY, ALISON | |
| 245 | 1 | 0 |
_aDEVISING THEATRE : A PRACTICAL AND THEORITICAL HANDBOOK / _cODDEY, ALISON |
| 260 |
_a[S.N] : _bROUTLEDGE ، _c1994 |
||
| 300 | _a254 P | ||
| 650 | 0 | 4 | _aEXPERIMENTAL THEATRE |
| 650 | 0 | 4 | _aIMPROVISATION (ACTING) |
| 942 |
_2ddc _cBK |
||
| 999 |
_c13977 _d13977 |
||